Introduction to functional analysis /

Guardado en:
Autor Principal: Taylor, Angus Ellis, 1911-
Otros Autores: Lay, David C.
Formato: Libro
Idioma:English
Publicado: New York : Wiley, c1980.
Edición:2d ed.
Materias:
Etiquetas: Agregar Etiqueta
Sin Etiquetas, Sea el primero en etiquetar este registro!
LEADER 00740pam a22002415a 4500
001 EIQ.libpla000188
008 790426s1980####nyu######b####001#0#eng#d
005 20060509194619.0
245 1 0 |a Introduction to functional analysis /  |c Angus E. Taylor, David C. Lay. 
250 |a 2d ed. 
260 |a New York :  |b Wiley,  |c c1980. 
300 |a xi, 467 p. ;  |c 24 cm. 
504 |a Bibliografía: p. 445-454. 
500 |a Incluye índice. 
020 |a 0471846465 
100 1 |a Taylor, Angus Ellis,  |d 1911- 
700 1 |a Lay, David C. 
082 0 0 |a 515/.7 
650 4 |a Análisis funcional  |x Teoría. 
650 4 |a Functional analysis  |x Theory. 
010 |a  79013658  
040 |a DLC  |c DLC  |d AR-BbSID 
859 |a AR-BbSID  |b BIB. PLAPIQUI  |h 515.7  |i T 21  |p 1945